| 000 | 00958nam a2200265 i 4500 | ||
|---|---|---|---|
| 001 | 20109 | ||
| 003 | ES-MaACL | ||
| 005 | 20251013231543.0 | ||
| 007 | t| | ||
| 008 | 021128s2001 sp ||||1| spa d | ||
| 020 | _a84-921508-5-8 | ||
| 080 | _a929 Salvà i Muner, Jaume | ||
| 100 | 1 |
_aMarch, Joan ( _d1949-) _976393 |
|
| 245 | 1 | 0 |
_aJaume Salvà i Munar i el mallorquinisme científic / _cJoan March Noguera. |
| 260 |
_aAlgaida : _bAjuntament d'Algaida ; _a[Palma de Mallorca : _bGovern de les Illes Balears, _c2001. |
||
| 300 |
_a138 p. : _bil. ; _c21 cm. |
||
| 490 | 1 |
_aEdicions Pere Capellá ; _v7 |
|
| 504 | _aBibliografía: p. 128-133. Índice. | ||
| 600 | 1 | 7 |
_aSalvà i Munar, Jaume, _d1793-1855 _2 _9158351 |
| 710 | 1 |
_aAlgaida. _bAyuntamiento. _91333 |
|
| 710 | 1 |
_aBaleares (Comunidad Autónoma). _bGobierno. _92084 |
|
| 830 | 0 |
_aEdicions Pere Capellá ; _v7 _9228911 |
|
| 852 |
_aES-MaACL _jL-26032 _bR.131817 |
||
| 999 |
_c20109 _d20109 |
||